|
|
|
|
| LEADER |
00986cam a2200241 7i4500 |
| 001 |
0000027868 |
| 005 |
20260407090000.0 |
| 008 |
260407s2001 enka ### #00001eng## |
| 020 |
# |
# |
|a 082134935X
|
| 040 |
# |
# |
|a UMT
|b eng
|c UMT
|e rda
|
| 090 |
0 |
0 |
|a HC 59.72 .E5
|b M35 2001
|
| 245 |
0 |
0 |
|a Making sustainable commitments :
|b an environment strategy for the World Bank.
|
| 264 |
# |
0 |
|a Washington, D.C.:
|b World Bank,
|c [2001]
|
| 300 |
# |
# |
|a 234 pages:
|b billustrations, maps (some colour.);
|c 28 cm
|
| 336 |
# |
# |
|a text --
|2 rdacontent
|
| 337 |
# |
# |
|a unmediated --
|2 rdamedia
|
| 338 |
# |
# |
|a volume --
|2 rdacarrier
|
| 504 |
# |
# |
|a Includes bibliographical references (p. 221-234)
|
| 590 |
# |
# |
|a Pusat Pengajian Pembangunan Sosial dan Ekonomi
|
| 650 |
# |
0 |
|a Sustainable development --
|z Developing countries
|
| 650 |
# |
0 |
|a Environmental policy --
|z Developing countries
|
| 651 |
# |
0 |
|a Developing countries --
|x Economic policy --
|x Environmental aspects
|
| 999 |
|
|
|a 1100014743
|b Book
|c Open Shelf
|e KOLEKSI TERBUKA
|